header

Good humor, bad taste (Record no. 109340)

MARC details
000 -LEADER
fixed length control field 01546nam a2200361Ia 4500
082 04 - DEWEY DECIMAL CLASSIFICATION NUMBER
Classification number 306.4/81
100 1# - MAIN ENTRY--AUTHOR NAME
Personal name Kuipers, Giselinde,
245 10 - TITLE STATEMENT
Title Good humor, bad taste
260 ## - PUBLICATION, DISTRIBUTION, ETC. (IMPRINT)
Place of publication Berlin ;
-- New York :
Name of publisher Mouton de Gruyter,
Year of publication c2006.
300 ## - PHYSICAL DESCRIPTION
Number of Pages viii, 293 p. :
Other physical details ill.
490 0# - SERIES STATEMENT
Series statement Humor research,
500 ## - GENERAL NOTE
General note Translation of: Goede humor, slechte smaak with revised material and added chapter.
650 #0 - SUBJECT ADDED ENTRY--TOPICAL TERM
Topical Term Dutch wit and humor
Topical Term Wit and humor
856 40 - ELECTRONIC LOCATION AND ACCESS
Uniform Resource Identifier http://site.ebrary.com/lib/rucke/Doc?id=10597807

No items available.

© 2026 Rongo University
Contact us: librarian | system librarian | Rongo university